| 000 | 00446nam a22001337a 4500 | ||
|---|---|---|---|
| 008 | 230405b |||||||| |||| 00| 0 eng d | ||
| 040 |
_aNational Science Library _cNational Science Library |
||
| 080 |
_a061.2:33.009 _bJ3 |
||
| 245 |
_aWork of the: _c/ Secretary-general _bOrganisation for European economic co-operation |
||
| 260 |
_aLondon: _bSecretary-General, _c1959 |
||
| 300 | _a114p. | ||
| 653 | _aEuropean economic | ||
| 942 |
_2udc _cREP |
||
| 999 |
_c18518 _d18518 |
||